| 000 | 00431nam a22001337a 4500 | ||
|---|---|---|---|
| 005 | 20250812125243.0 | ||
| 008 | 250812b |||||||| |||| 00| 0 eng d | ||
| 050 | _aTHE:HF 5549.5.M63 R36 2014 | ||
| 100 | _aRANG'ONDI DIVINAH KERUBO | ||
| 245 | _aAN ASSESSMENT OF EMPLOYEES TOWARDS IMPROVEED CORPORATE SOCIAL RESPONSIBILITY AT EQUITY BANK KEROKA | ||
| 260 |
_aKENYA _bKISII UNIVERSITY _c20014 |
||
| 300 | _aX,34 | ||
| 942 |
_2lcc _cREF |
||
| 999 |
_c216031 _d216031 |
||